000 00454nam a2200193Ia 4500
003 OSt
005 20230529113010.0
008 230529b |||||||| |||| 00| 0 eng d
040 _aTATCL
082 0 4 _a621.38
_bBEH
100 1 _4S.K.Behera
245 1 0 _aA Book in Basic Electrical Engineering
250 _a1ST
260 _aBBSR
_bAlok Publication
_c2003
300 _a488p.
500 _aQuantity Number: 30
650 0 _aElectrical
942 _2ddc
_cBK
999 _c30
_d30